000
00288nam a22001337a 4500
008
170214b xxu||||| |||| 00| 0 eng d
020
_a
9781435427518
041
_a
eng
080
_2
3ED
_a
61
100
_a
4 ED
101
_a
SHM
245
_a
HUMAN DISEASES
_c
NEIGHBORS
942
_2
udc
_c
BK
999
_c
5464
_d
5464